<?xml version="1.0" encoding="UTF-8"?>
<record
    xmlns:xsi="http://www.w3.org/2001/XMLSchema-instance"
    xsi:schemaLocation="http://www.loc.gov/MARC21/slim http://www.loc.gov/standards/marcxml/schema/MARC21slim.xsd"
    xmlns="http://www.loc.gov/MARC21/slim">

  <leader>02067nam a2200313 a 4500</leader>
  <controlfield tag="001">1470894</controlfield>
  <controlfield tag="003">OSt</controlfield>
  <controlfield tag="005">20230316191642.0</controlfield>
  <controlfield tag="008">121010s2014    ck     gr     00010 spa d</controlfield>
  <datafield tag="020" ind1=" " ind2=" ">
    <subfield code="a">9789588820835</subfield>
  </datafield>
  <datafield tag="040" ind1=" " ind2=" ">
    <subfield code="c">CO-MqBPB</subfield>
  </datafield>
  <datafield tag="041" ind1="1" ind2=" ">
    <subfield code="a">spa </subfield>
    <subfield code="h">eng</subfield>
  </datafield>
  <datafield tag="043" ind1=" " ind2=" ">
    <subfield code="a">e-uk-en</subfield>
  </datafield>
  <datafield tag="082" ind1="0" ind2="4">
    <subfield code="a">AN</subfield>
    <subfield code="b">JAMc</subfield>
  </datafield>
  <datafield tag="100" ind1="1" ind2=" ">
    <subfield code="a">James, Erika Leonard, </subfield>
    <subfield code="d">1963-</subfield>
  </datafield>
  <datafield tag="245" ind1="1" ind2="0">
    <subfield code="a">Cincuenta sombras liberadas / </subfield>
    <subfield code="c">E. L. James ; traducci&#xF3;n de Pilar de la Pe&#xF1;a Minguell </subfield>
  </datafield>
  <datafield tag="260" ind1=" " ind2=" ">
    <subfield code="a">Bogot&#xE1; ; </subfield>
    <subfield code="a">Barcelona : </subfield>
    <subfield code="b">Penguin Random House, </subfield>
    <subfield code="c">2014.</subfield>
  </datafield>
  <datafield tag="300" ind1=" " ind2=" ">
    <subfield code="a">651 paginas ; </subfield>
    <subfield code="c">21 cm.</subfield>
    <subfield code="b">Tapa R&#xFA;stica</subfield>
  </datafield>
  <datafield tag="490" ind1="1" ind2=" ">
    <subfield code="a">Trilog&#xED;a Cincuenta sombras de Grey III</subfield>
  </datafield>
  <datafield tag="500" ind1=" " ind2=" ">
    <subfield code="a">Cuando la inexperta estudiante Anastasia Steele conoci&#xF3; al joven, seductor y exitoso empresario Christian Grey, naci&#xF3; entre ellos una sensual relaci&#xF3;n que cambi&#xF3; sus vidas para siempre. Sin embargo, desconcertada y llevada al l&#xED;mite por las peculiares pr&#xE1;cticas er&#xF3;ticas de Christian, Ana lucha por conseguir un mayor compromiso por parte de &#xE9;l, y este accede con tal de no perderla. 
Ahora lo tienen todo: amor, pasi&#xF3;n y un mundo de infinitas posibilidades por delante. Pero Ana sabe que amar sus Cincuentas Sombras, como ella le llama, no es tarea f&#xE1;cil, y que estar juntos plantea un desaf&#xED;o que ninguno de los dos pod&#xED;a prever. Ella debe aprender a compartir el opulento estilo de vida de Grey sin sacrificar su propia identidad. Y &#xE9;l tiene que superar su obsesi&#xF3;n compulsiva por el control mientras lucha contra los demonios de su atormentado pasado. 
Pero cuando parece que la fuerza de su relaci&#xF3;n puede vencer cualquier obst&#xE1;culo, la fatalidad, el rencor y el destino se conjuran para hacer realidad los peores temores de Ana.</subfield>
  </datafield>
  <datafield tag="534" ind1=" " ind2=" ">
    <subfield code="p">T&#xFFFD;tulo original : </subfield>
    <subfield code="t">Fifty shades of Grey.</subfield>
  </datafield>
  <datafield tag="650" ind1=" " ind2="4">
    <subfield code="a">Novela inglesa.</subfield>
  </datafield>
  <datafield tag="650" ind1=" " ind2="4">
    <subfield code="a">Relaciones hombre-mujer</subfield>
    <subfield code="v"> Novela.</subfield>
  </datafield>
  <datafield tag="650" ind1=" " ind2="4">
    <subfield code="a">Novela er&#xFFFD;tica.</subfield>
  </datafield>
  <datafield tag="700" ind1="1" ind2=" ">
    <subfield code="a">Pe&#xFFFD;a Minguell, Pilar de la, </subfield>
    <subfield code="e">traducci&#xF3;n.</subfield>
  </datafield>
  <datafield tag="700" ind1="1" ind2=" ">
    <subfield code="a">Tr&#xFFFD;as Bello, Helena, </subfield>
    <subfield code="e">traducci&#xF3;n.</subfield>
  </datafield>
  <datafield tag="942" ind1=" " ind2=" ">
    <subfield code="2">ddc</subfield>
    <subfield code="c">BKLIT</subfield>
  </datafield>
  <datafield tag="949" ind1=" " ind2=" ">
    <subfield code="a">n                       </subfield>
    <subfield code="b">n</subfield>
  </datafield>
  <datafield tag="999" ind1=" " ind2=" ">
    <subfield code="c">14831</subfield>
    <subfield code="d">14831</subfield>
  </datafield>
  <datafield tag="952" ind1=" " ind2=" ">
    <subfield code="0">0</subfield>
    <subfield code="1">0</subfield>
    <subfield code="2">ddc</subfield>
    <subfield code="4">0</subfield>
    <subfield code="5">1</subfield>
    <subfield code="7">0</subfield>
    <subfield code="8">LA</subfield>
    <subfield code="a">BPMOS</subfield>
    <subfield code="b">BPMOS</subfield>
    <subfield code="c">FIC</subfield>
    <subfield code="d">2023-03-14</subfield>
    <subfield code="e">Donaci&#xF3;n</subfield>
    <subfield code="l">0</subfield>
    <subfield code="o">AN JAMc</subfield>
    <subfield code="p">MOS503050</subfield>
    <subfield code="r">2023-03-14</subfield>
    <subfield code="t">Ej. 1</subfield>
    <subfield code="w">2023-03-14</subfield>
    <subfield code="y">BKLIT</subfield>
    <subfield code="z">Quince d&#xED;as</subfield>
  </datafield>
  <datafield tag="952" ind1=" " ind2=" ">
    <subfield code="0">0</subfield>
    <subfield code="1">0</subfield>
    <subfield code="2">ddc</subfield>
    <subfield code="4">0</subfield>
    <subfield code="7">0</subfield>
    <subfield code="8">LA</subfield>
    <subfield code="a">BPMOS</subfield>
    <subfield code="b">BPMOS</subfield>
    <subfield code="c">FIC</subfield>
    <subfield code="d">2023-03-16</subfield>
    <subfield code="e">Donaci&#xF3;n</subfield>
    <subfield code="i">118122</subfield>
    <subfield code="l">1</subfield>
    <subfield code="m">1</subfield>
    <subfield code="o">AN JAMc</subfield>
    <subfield code="p">MOS503066</subfield>
    <subfield code="r">2024-06-06</subfield>
    <subfield code="s">2024-05-10</subfield>
    <subfield code="t">Ej. 2</subfield>
    <subfield code="w">2023-03-16</subfield>
    <subfield code="y">BKLIT</subfield>
    <subfield code="z">Quince d&#xED;as</subfield>
  </datafield>
</record>
